|
|
|
|
| LEADER |
01172nam a22003251a 4500 |
| 001 |
000036214 |
| 003 |
12508 |
| 005 |
20220601091420.0 |
| 008 |
160329s2020 vm 000 vie |
| 020 |
|
|
|a 9786049723971
|
| 041 |
|
|
|a vie
|
| 082 |
|
|
|a 895.922
|b HO-N
|
| 245 |
|
0 |
|a Mo Lên Trời ( bài ca Đưa Hồn cua nguoi Muong). :
|b Quyen 1 /
|c Hoang Anh Nhan.
|
| 260 |
|
|
|a Hoi nha van,
|c 2020.
|
| 300 |
|
|
|a 579tr.; 20,5cm.
|
| 650 |
|
|
|a Mo Lên Trời ( bài ca Đưa Hồn cua nguoi Muong)
|
| 852 |
|
|
|b Chuyên đề
|c Ngôn ngữ tiếng Việt
|
| OWN |
|
|
|a LNN
|
| AVA |
|
|
|a UDN50
|b LNN
|d 895.922 HO-N
|e available
|t Error 5001 Not defined in file expand_doc_bib_avail.
|f 1
|g 0
|h N
|i 0
|k 1
|
| 999 |
|
|
|a From the UDN01
|
| AVA |
|
|
|a UDN50
|b LNN
|d 895.922 HO-N
|e available
|t Error 5001 Not defined in file expand_doc_bib_avail.
|f 1
|g 0
|h N
|i 0
|k 1
|
| TYP |
|
|
|a Monograph
|
| TYP |
|
|
|a Printed language
|
| 980 |
|
|
|a Mạng thư viện Đại học Đà Nẵng
|